Aire / (Registro nro. 11852)

Detalles MARC
000 -LEADER
fixed length control field 01360cam a2200325 i 4500
001 - CONTROL NUMBER
control field 0000791
003 - CONTROL NUMBER IDENTIFIER
control field DO-SdBNP
005 - DATE AND TIME OF LATEST TRANSACTION
control field 20161108135901.0
007 - PHYSICAL DESCRIPTION FIXED FIELD--GENERAL INFORMATION
fixed length control field 0000791
008 - FIXED-LENGTH DATA ELEMENTS--GENERAL INFORMATION
fixed length control field 100514s 1988 ag a | |||| 000 f spa
015 ## - NATIONAL BIBLIOGRAPHY NUMBER
National bibliography number
017 ## - COPYRIGHT OR LEGAL DEPOSIT NUMBER
Copyright or legal deposit number
Assigning agency
020 ## - INTERNATIONAL STANDARD BOOK NUMBER
International Standard Book Number 9501106810
035 ## - SYSTEM CONTROL NUMBER
System control number
040 ## - CATALOGING SOURCE
Original cataloging agency BPMSU
Language of cataloging spa
Transcribing agency BPMSU
Description conventions
080 ## - UNIVERSAL DECIMAL CLASSIFICATION NUMBER
Universal Decimal Classification number
100 1# - MAIN ENTRY--PERSONAL NAME
Personal name Walpole, Brenda
245 10 - TITLE STATEMENT
Title Aire /
Medium
Statement of responsibility, etc. Brenda Walpole ; ilustraciones Kuo Kang chen, Peter Bull ; traducción Graciela Jáuregui Lorda de Castro
260 ## - PUBLICATION, DISTRIBUTION, ETC. (IMPRINT)
Place of publication, distribution, etc. Buenos Aires, Argentina :
Name of publisher, distributor, etc. Sigmar,
Date of publication, distribution, etc. 1988.
300 ## - PHYSICAL DESCRIPTION
Extent 39 p.:
Other physical details il.
Dimensions 26 m
490 1# - SERIES STATEMENT
Series statement Jugando con la ciencia
500 ## - GENERAL NOTE
General note Manualidades, experimentos y trucos.
500 ## - GENERAL NOTE
General note Contiene experimentos que permiten a los niños investigar temas como aislamiento, la convención, la presión del aire y las líneas aerodinámicas, cómo vuelan los aviones y los helicópteros, y por qué los paracaídas caen lentamente a la Tierra. Una sección en la última parte del libro, trata temas como el clima y el sonido y la importancia del oxígeno en el aire para la supervivencia de las plantas y los animales.
700 12 - ADDED ENTRY--PERSONAL NAME
Personal name Chen, Kuo Kang
Relator term il.
700 12 - ADDED ENTRY--PERSONAL NAME
Personal name Bull, Peter
Relator term il.
700 12 - ADDED ENTRY--PERSONAL NAME
Personal name Lorda de Castro, Graciela Jáuregui
Relator term trad.
830 #0 - SERIES ADDED ENTRY--UNIFORM TITLE
Uniform title Jugando con la ciencia
942 ## - ADDED ENTRY ELEMENTS (KOHA)
Source of classification or shelving scheme Dewey Decimal Classification
Koha item type Libros
956 ## - LOCAL ELECTRONIC LOCATION AND ACCESS (OCLC)
Host name YLOCKWARD
Field link and sequence number 10
Compression information BPMSU
Existencias
Withdrawn status Lost status Source of classification or shelving scheme Damaged status Not for loan Collection code Home library Current library Date acquired Source of acquisition Total Checkouts Barcode Date last seen Price effective from Koha item type
    Dewey Decimal Classification     Colección Juvenil General Biblioteca Pública Metropolitana Salomé Ureña Biblioteca Pública Metropolitana Salomé Ureña 11/08/2016 Donado por la Agencia de Cooperación Internacional del Japón   BPMSU16111109 11/08/2016 11/08/2016 Libros